Using information technology : (Record no. 38497)
[ view plain ]
| 000 -LEADER | |
|---|---|
| fixed length control field | 00990cam a22002894a 4500 |
| 001 - CONTROL NUMBER | |
| control field | 38497 |
| 003 - CONTROL NUMBER IDENTIFIER | |
| rucl marc code | (BD-RjUL) |
| 005 - DATE AND TIME OF LATEST TRANSACTION | |
| control field | 20211209052817.0 |
| 008 - FIXED-LENGTH DATA ELEMENTS--GENERAL INFORMATION | |
| fixed length control field | 031023s2005 maua b 001 0 eng |
| 020 ## - INTERNATIONAL STANDARD BOOK NUMBER | |
| International Standard Book Number | 9780070607491 |
| International Standard Book Number | 0070607494 |
| 035 ## - SYSTEM CONTROL NUMBER | |
| System control number | (BD-RjUL) |
| 040 ## - CATALOGING SOURCE | |
| Original cataloging agency | DLC |
| Transcribing agency | (BD-RjUL) |
| Modifying agency | DLC |
| 082 00 - DEWEY DECIMAL CLASSIFICATION NUMBER | |
| Classification number | 004 |
| Edition number | 22 |
| Author mark and year | WIU 2005 |
| 100 1# - MAIN ENTRY--PERSONAL NAME | |
| Personal name | Williams, Brian K., |
| 9 (RLIN) | 118862 |
| 245 10 - TITLE STATEMENT | |
| Title | Using information technology : |
| Remainder of title | a practical introduction to computers & communications : complete version / |
| Statement of responsibility, etc. | Brian K. Williams, Stacey C. Sawyer. |
| 250 ## - EDITION STATEMENT | |
| Edition statement | 6th ed. |
| 260 ## - PUBLICATION, DISTRIBUTION, ETC. (IMPRINT) | |
| Place of publication, distribution, etc. | Boston, Mass. : |
| Name of publisher, distributor, etc. | Tata McGraw-Hill Education, |
| Date of publication, distribution, etc. | c2005 [reprint 2009]. |
| 300 ## - PHYSICAL DESCRIPTION | |
| Pagination | xxiii, 472 p. : |
| Illustrations | col. ill. ; |
| Size | 28 cm. |
| 504 ## - BIBLIOGRAPHY, ETC. NOTE | |
| Bibliography, etc | Includes bibliographical references and index. |
| 650 #0 - SUBJECT ADDED ENTRY--TOPICAL TERM | |
| Topical term or geographic name as entry element | Computers. |
| 9 (RLIN) | 118863 |
| Topical term or geographic name as entry element | Telecommunication systems. |
| 9 (RLIN) | 118864 |
| Topical term or geographic name as entry element | Information technology. |
| 9 (RLIN) | 118865 |
| 700 1# - ADDED ENTRY--PERSONAL NAME | |
| Personal name | Sawyer, Stacey C. |
| 942 ## - ADDED ENTRY ELEMENTS (KOHA) | |
| Source of classification or shelving scheme | Dewey Decimal Classification |
| Koha item type | Books |
| Lost status | Source of classification or shelving scheme | Damaged status | Not for loan | Permanent Location | Current Location | Shelving location | Date acquired | Total Checkouts | Full call number | Date last seen | Copy number | Koha item type |
|---|---|---|---|---|---|---|---|---|---|---|---|---|
| Dewey Decimal Classification | Not For Loan | Department of Information and Communication Engineering (ICE) Library | Department of Information and Communication Engineering (ICE) Library | Seminar Library | 21/12/2015 | 004 WIU 2005 | 21/12/2015 | C-1 | Books |